Sách hướng dẫn quản lý thực hiện dự án Hướng dẫn thực hành cho các đơn vị thực hiện dự án do ADB tài trợ
שמור ב:
| מחבר תאגידי: | |
|---|---|
| פורמט: | ספר |
| יצא לאור: |
1988
|
| תגים: |
הוספת תג
אין תגיות, היה/י הראשונ/ה לתייג את הרשומה!
|
| Thư viện lưu trữ: | Trung tâm Học liệu Lê Vũ Hùng, Trường Đại học Đồng Tháp |
|---|
| LEADER | 00680pam a22001818a 4500 | ||
|---|---|---|---|
| 001 | 00039632 | ||
| 008 | 170520s1988 ||||||Viesd | ||
| 005 | 20171026081025.0 | ||
| 041 | 0 | # | |a Vie |
| 082 | 1 | 4 | |a 658.4 |b S102H |
| 110 | 1 | # | |a Ngân, hàng phát triển châu Á |
| 245 | 1 | 0 | |a Sách hướng dẫn quản lý thực hiện dự án |b Hướng dẫn thực hành cho các đơn vị thực hiện dự án do ADB tài trợ |
| 260 | |c 1988 | ||
| 300 | # | # | |a 151 tr. |b 29cm |
| 852 | # | # | |b Kho đọc |j KD.0020274 |
| 852 | # | # | |j KD.0020274 |
| 910 | |d 20/05/2017 | ||
| 980 | # | # | |a Trung tâm Học liệu Lê Vũ Hùng, Trường Đại học Đồng Tháp |